Written First? Quiz Stats

 Plays Quiz Updated Aug 11, 2017

Support Sporcle.
Go Orange.
Score 0/20 Timer 05:00
0 Plays Today
Book A A / B % Correct
The Jungle Book???
84%
Moby-Dick???
78.5%
The Scarlet Letter???
77.5%
Strange Case of Dr. Jekyll and Mr. Hyde???
77.1%
Atlas Shrugged???
76.9%
The Bourne Identity???
70.3%
Madame Bovary???
69.8%
Salem's Lot???
69.8%
The Lion, the Witch, and the Wardrobe???
68.6%
The Decameron???
62.9%
Book A A / B % Correct
Fathers and Sons???
62.1%
Ethan Frome???
60.5%
The Secret Garden???
59.2%
Mansfield Park???
58.8%
Dracula???
57.4%
Ivanhoe???
55.3%
This Side of Paradise???
53.3%
The Velveteen Rabbit???
51.4%
The Bell Jar???
43.6%
Jude the Obscure???
43.4%

You're not logged in!

Compare scores with friends on all Sporcle quizzes.
OR
Log In
Forgot?

From the Vault

Hottest States

by maxpower076

Apparently, some like it hot and some sweat when the heat is on...
Remove Ads.
Support Sporcle.
Get the best of Sporcle when you Go Orange. This ad-free experience offers more features, more stats, and more fun while also helping to support Sporcle. Thank you for becoming a member.

Show Comments

Extras

Top Quizzes Today


Score Distribution

Your Account Isn't Verified!

In order to create a playlist on Sporcle, you need to verify the email address you used during registration. Go to your Sporcle Settings to finish the process.

Report this User

Report this user for behavior that violates our Community Guidelines.

Details: